Plan, techničeskij progress, stimuly na primere promyšlennych predprijatij
Uložené v:
| Hlavný autor: | |
|---|---|
| Médium: | Kniha |
| Jazyk: | Russian |
| Vydavateľské údaje: |
Moskva
Ekonomika
1986
|
| Tagy: |
Žiadne tagy, Buďte prvý, kto otaguje tento záznam!
|
MARC
| LEADER | 00000nam a2200000 4500 | ||
|---|---|---|---|
| 001 | c104612 | ||
| 005 | 20041019155132.5 | ||
| 041 | 0 | |a rus | |
| 044 | |a RU | ||
| 245 | 1 | 0 | |a Plan, techničeskij progress, stimuly |b na primere promyšlennych predprijatij |c Zinaida Pavlovna Korovina |
| 264 | 1 | |a Moskva |b Ekonomika |c 1986 | |
| 300 | |a 254 s. | ||
| 100 | 1 | |a Korovina, Zinaida Pavlovna | |